<?xml version="1.0" encoding="UTF-8"?>
<record
    xmlns:xsi="http://www.w3.org/2001/XMLSchema-instance"
    xsi:schemaLocation="http://www.loc.gov/MARC21/slim http://www.loc.gov/standards/marcxml/schema/MARC21slim.xsd"
    xmlns="http://www.loc.gov/MARC21/slim">

  <leader>01116nam a22002537a 4500</leader>
  <controlfield tag="005">20170124103057.0</controlfield>
  <datafield tag="010" ind1=" " ind2=" ">
    <subfield code="a">A-716918</subfield>
  </datafield>
  <datafield tag="020" ind1=" " ind2=" ">
    <subfield code="c">80.00</subfield>
  </datafield>
  <datafield tag="035" ind1=" " ind2=" ">
    <subfield code="a">A-716918</subfield>
  </datafield>
  <datafield tag="037" ind1=" " ind2=" ">
    <subfield code="b">Cen Lib/Ret</subfield>
  </datafield>
  <datafield tag="040" ind1=" " ind2=" ">
    <subfield code="a">DPL</subfield>
    <subfield code="b">HN</subfield>
  </datafield>
  <datafield tag="082" ind1=" " ind2=" ">
    <subfield code="a">823.08</subfield>
    <subfield code="b">&#x92E;&#x943;&#x924;&#x94D;&#x92F;&#x941;&#x902;&#x91C;</subfield>
  </datafield>
  <datafield tag="100" ind1=" " ind2=" ">
    <subfield code="a">&#x92E;&#x943;&#x924;&#x94D;&#x92F;&#x941;&#x902;&#x91C;&#x92F; &#x938;&#x93F;&#x902;&#x939; </subfield>
    <subfield code="9">116544</subfield>
  </datafield>
  <datafield tag="245" ind1=" " ind2=" ">
    <subfield code="a">&#x915;&#x935;&#x93F;&#x92F;&#x94B;&#x902; &#x915;&#x940; &#x915;&#x939;&#x93E;&#x928;&#x93F;&#x92F;&#x93E;&#x901; :</subfield>
    <subfield code="c">&#x92E;&#x943;&#x924;&#x94D;&#x92F;&#x941;&#x902;&#x91C;&#x92F; &#x938;&#x93F;&#x902;&#x939; </subfield>
    <subfield code="b">&#x90F;&#x915; &#x92E;&#x942;&#x932;&#x94D;&#x92F;&#x93E;&#x902;&#x915;&#x928; /</subfield>
  </datafield>
  <datafield tag="246" ind1=" " ind2=" ">
    <subfield code="a">Kaviyon ki kahaniyan : ek moolyankan /</subfield>
    <subfield code="b">by Mrityunjay Singh </subfield>
  </datafield>
  <datafield tag="260" ind1=" " ind2=" ">
    <subfield code="a">&#x928;&#x908; &#x926;&#x93F;&#x932;&#x94D;&#x932;&#x940; </subfield>
    <subfield code="b">&#x917;&#x94D;&#x930;&#x902;&#x925;&#x932;&#x94B;&#x915; </subfield>
    <subfield code="c">1995</subfield>
  </datafield>
  <datafield tag="270" ind1=" " ind2=" ">
    <subfield code="a">1/1073-&#x921;&#x940;, &#x92E;&#x939;&#x930;&#x94C;&#x932;&#x940; </subfield>
    <subfield code="b">&#x928;&#x908; &#x926;&#x93F;&#x932;&#x94D;&#x932;&#x940; </subfield>
    <subfield code="e">110030</subfield>
  </datafield>
  <datafield tag="300" ind1=" " ind2=" ">
    <subfield code="a">128&#x92A;&#x943;.</subfield>
    <subfield code="c">20&#x938;&#x947;&#x92E;&#x940;(&#x938;&#x91C;&#x93F;&#x932;&#x94D;&#x926;)</subfield>
  </datafield>
  <datafield tag="650" ind1=" " ind2=" ">
    <subfield code="a">&#x939;&#x93F;&#x928;&#x94D;&#x926;&#x940; &#x938;&#x93E;&#x939;&#x93F;&#x924;&#x94D;&#x92F; </subfield>
    <subfield code="9">116545</subfield>
  </datafield>
  <datafield tag="650" ind1=" " ind2=" ">
    <subfield code="a">&#x915;&#x939;&#x93E;&#x928;&#x93F;&#x92F;&#x93E;&#x901; -- &#x938;&#x902;&#x935;&#x947;&#x926;&#x928;&#x93E; &#x914;&#x930; &#x936;&#x93F;&#x932;&#x94D;&#x92A; </subfield>
    <subfield code="9">75404</subfield>
  </datafield>
  <datafield tag="650" ind1=" " ind2=" ">
    <subfield code="a">Hindi literature</subfield>
    <subfield code="9">116546</subfield>
  </datafield>
  <datafield tag="650" ind1=" " ind2=" ">
    <subfield code="a">Stories - compassion and crafts</subfield>
    <subfield code="9">75406</subfield>
  </datafield>
  <datafield tag="942" ind1=" " ind2=" ">
    <subfield code="2">ddc</subfield>
    <subfield code="c">HN</subfield>
    <subfield code="h">823.08</subfield>
    <subfield code="m">&#x92E;&#x943;&#x924;&#x94D;&#x92F;&#x941;&#x902;&#x91C;</subfield>
  </datafield>
  <datafield tag="999" ind1=" " ind2=" ">
    <subfield code="c">117558</subfield>
    <subfield code="d">117558</subfield>
  </datafield>
  <datafield tag="952" ind1=" " ind2=" ">
    <subfield code="0">0</subfield>
    <subfield code="1">0</subfield>
    <subfield code="4">0</subfield>
    <subfield code="7">0</subfield>
    <subfield code="a">L</subfield>
    <subfield code="b">L</subfield>
    <subfield code="d">2015-09-07</subfield>
    <subfield code="e">Cen Lib/Ret</subfield>
    <subfield code="g">80.00</subfield>
    <subfield code="l">0</subfield>
    <subfield code="o">823.08 &#x92E;&#x943;&#x924;&#x94D;&#x92F;&#x941;&#x902;&#x91C;</subfield>
    <subfield code="p">A-716918</subfield>
    <subfield code="r">2015-09-07 00:00:00</subfield>
    <subfield code="t">1</subfield>
    <subfield code="v">80.00</subfield>
    <subfield code="w">2015-09-07</subfield>
    <subfield code="y">HN</subfield>
  </datafield>
</record>
